| 000 | 01019nam a2200253Ia 4500 | ||
|---|---|---|---|
| 003 | OSt | ||
| 005 | 20200827152529.0 | ||
| 008 | 191128s1987 ar gr 000 0 spa d | ||
| 020 | _a9501361330 | ||
| 040 |
_aCo-JMCR _cCo-JMCR |
||
| 041 | 0 | _aspa | |
| 082 | 0 | 4 |
_a370.98 / _bC733d _223 |
| 110 | 1 |
_aComisión Económica Para America Latina _99375 |
|
| 245 | 1 | 0 |
_aDesarrollo y Educación en América Latina y el Caribe / _cComisión Económica Para America Latina ; Germán W. Rama, coordinador |
| 260 |
_aBuenos Aires : _bKapeluz, _c1987. |
||
| 300 |
_a263 páginas ; _c24 cm. |
||
| 490 |
_aBiblioteca de cultura pedagogica : _aSerie educación y sociedad ; _v2 |
||
| 504 | _aBibliografía : páginas 249-259. | ||
| 505 | 0 | _aEl desarrollo de la educación media -- El desarrollo de la educación superior -- Respuestas a los problemas de los sistemas educativos | |
| 650 | 2 | 4 |
_aEducación _99385 |
| 650 | 2 | 4 |
_aSociología de la educación _99377 |
| 700 | 1 |
_aRama, Germán W., _e coordinador _99378 |
|
| 942 |
_2ddc _cBK |
||
| 999 |
_c6081 _d6081 |
||